[Event "GER-chT Online Liga 1 GpB"]
[Site "Playchess.com INT"]
[Date "2021.03.17"]
[Round "6.3"]
[White "Fehling, Michael"]
[Black "Schaefer, Konstantin"]
[Result "1-0"]
[WhiteElo "2182"]
[BlackElo "1754"]
[PlyCount "53"]
[EventDate "2021.01.18"]
[EventType "team-tourn (rapid)"]
[EventRounds "7"]
[EventCountry "GER"]
[SourceTitle "EXT 2022"]
[Source "ChessBase"]
[SourceDate "2021.10.06"]
[SourceVersion "1"]
[SourceVersionDate "2021.10.06"]
[SourceQuality "1"]
[WhiteTeam "Hamburger SK II"]
[BlackTeam "Leipzig SG"]
[WhiteTeamCountry "GER"]
[BlackTeamCountry "GER"]

1. e4 c5 2. Nf3 Nc6 3. d4 cxd4 4. Nxd4 g6 5. Nc3 Bg7 6. Be3 Nf6 7. Bc4 0-0 8. Bb3 Qa5 9. f3 Nxd4 10. Bxd4 b5 11. e5 Ne8 12. 0-0 Bb7 13. Nd5 Bxd5 14. Bxd5 Rc8 15. f4 Nc7 16. Bb3 b4 17. a3 a6 18. axb4 Qxb4 19. f5 gxf5 20. Rxf5 Ne6 21. Ra4 Qb5 22. Be3 Kh8 23. Rh4 Bf6 24. Rxh7+ Kg8 25. Qg4+ Bg7 26. Rxg7+ Nxg7 27. Rg5 1-0

[Event "Unna op"]
[Site "Unna"]
[Date "2014.12.29"]
[Round "6"]
[White "Fehling, Michael"]
[Black "Arndt, Stefan"]
[Result "1-0"]
[WhiteElo "2111"]
[BlackElo "2131"]
[PlyCount "99"]
[EventDate "2014.12.27"]
[EventType "swiss"]
[EventRounds "7"]
[EventCountry "GER"]
[SourceTitle "CBM 164 Extra"]
[Source "ChessBase"]
[SourceDate "2015.03.02"]
[SourceVersion "1"]
[SourceVersionDate "2015.03.02"]
[SourceQuality "1"]

1. e4 e5 2. Nf3 Nc6 3. Bb5 a6 4. Ba4 d6 5. c3 f5 6. exf5 Bxf5 7. 0-0 Bd3 8. Re1 Be7 9. Bc2 Bxc2 10. Qxc2 Nf6 11. d4 e4 12. Ng5 d5 13. f3 h6 14. Ne6 Qd7 15. Nf4 0-0-0 16. fxe4 dxe4 17. Nd2 Rhe8 18. Nxe4 g5 19. Nd3 Nxd4 20. cxd4 Qxd4+ 21. Ndf2 Ng4 22. Rd1 Qb6 23. Rxd8+ Rxd8 24. Bd2 Bf6 25. Bc3 Bd4 26. Bxd4 Rxd4 27. Re1 Qb4 28. Qe2 Nxf2 29. Nxf2 Kb8 30. Rd1 Rxd1+ 31. Nxd1 Qc5+ 32. Kh1 Qd5 33. Nc3 Qf5 34. h3 h5 35. Qf3 Qc2 36. Qf8+ Ka7 37. Qc5+ Kb8 38. Qxg5 Qxb2 39. Qd8+ Ka7 40. Qxc7 h4 41. Qc5+ Ka8 42. Kh2 Qd2 43. Nd5 Kb8 44. a4 Qe1 45. Qc7+ Ka7 46. a5 Qe8 47. Ne7 Qb5 48. Nc8+ Ka8 49. Nb6+ Ka7 50. Nd7 1-0

[Event "Gelsenkirchen Silvester op 1st"]
[Site "Gelsenkirchen"]
[Date "2013.12.27"]
[Round "2"]
[White "Fehling, Michael"]
[Black "Becker, Marco"]
[Result "1-0"]
[WhiteElo "2200"]
[BlackElo "1989"]
[PlyCount "73"]
[EventDate "2013.12.27"]
[EventType "swiss"]
[EventRounds "5"]
[EventCountry "GER"]
[SourceTitle "EXT 2019"]
[Source "ChessBase"]
[SourceDate "2018.10.10"]
[SourceVersion "1"]
[SourceVersionDate "2018.10.10"]
[SourceQuality "1"]

1. e4 c6 2. d4 d5 3. Nc3 dxe4 4. Nxe4 Nf6 5. Nxf6+ exf6 6. c3 Bf5 7. Bd3 Bxd3 8. Qxd3 Qd5 9. Nf3 Bd6 10. 0-0 0-0 11. c4 Qh5 12. Re1 Na6 13. Bd2 Rfe8 14. Qb3 b5 15. a4 Nc7 16. axb5 Rxe1+ 17. Rxe1 cxb5 18. c5 Bf8 19. Ba5 Qd5 20. Qxd5 Nxd5 21. Nd2 Ne7 22. Ra1 Nc6 23. Nb3 Rc8 24. Bd2 Rd8 25. Be3 Rd7 26. Ra6 Nb4 27. Ra5 Rb7 28. Kf1 Be7 29. Bd2 Nd5 30. Ra6 g5 31. Na5 Rd7 32. Nc6 Kf8 33. Rxa7 Rxa7 34. Nxa7 Nc7 35. Ba5 Ne6 36. Nxb5 Ke8 37. c6 1-0

[Event "Gelsenkirchen Silvester op 1st"]
[Site "Gelsenkirchen"]
[Date "2013.12.27"]
[Round "1"]
[White "Kaplun, David"]
[Black "Fehling, Michael"]
[Result "0-1"]
[WhiteElo "1774"]
[BlackElo "2200"]
[PlyCount "70"]
[EventDate "2013.12.27"]
[EventType "swiss"]
[EventRounds "5"]
[EventCountry "GER"]
[SourceTitle "EXT 2019"]
[Source "ChessBase"]
[SourceDate "2018.10.10"]
[SourceVersion "1"]
[SourceVersionDate "2018.10.10"]
[SourceQuality "1"]

1. d4 Nf6 2. c4 g6 3. Nc3 Bg7 4. e4 d6 5. f3 0-0 6. Be3 Nc6 7. Nge2 a6 8. Qd2 Bd7 9. g4 b5 10. cxb5 axb5 11. Nxb5 Na5 12. Ng3 Nb3 13. Qd1 Nxa1 14. Qxa1 c5 15. Nc3 cxd4 16. Bxd4 Qa5 17. Be2 Qb4 18. Be3 Rfb8 19. Bc1 Be6 20. a3 Nd7 21. 0-0 Qb6+ 22. Kg2 Nc5 23. b4 Nb3 24. Qb2 Rc8 25. Nf5 gxf5 26. gxf5 Bxc3 27. Qb1 Nxc1 28. Qxc1 Bg7 29. Qg5 Bc4 30. Bxc4 Rxc4 31. Qxe7 Qd8 32. Qb7 Rb8 33. Qa7 Bd4 34. Qa4 Qh4 35. Qb3 Rbc8 0-1

[Event "Oberliga Baden 9495"]
[Site "Germany"]
[Date "1994.11.20"]
[Round "3.5"]
[White "Kiefhaber, Holger"]
[Black "Fehling, Michael"]
[Result "1-0"]
[WhiteElo "2305"]
[BlackElo "2255"]
[PlyCount "51"]
[EventDate "1994.10.??"]
[EventType "team"]
[EventRounds "9"]
[EventCountry "GER"]
[SourceTitle "EXT 2004"]
[Source "ChessBase"]
[SourceDate "2003.11.25"]
[SourceVersion "1"]
[SourceVersionDate "2003.11.25"]
[SourceQuality "1"]
[WhiteTeam "Karlsruhe"]
[BlackTeam "Freiburg"]
[WhiteTeamCountry "GER"]
[BlackTeamCountry "GER"]

1. e4 c5 2. c3 d5 3. exd5 Qxd5 4. d4 Nf6 5. Nf3 e6 6. Na3 Qd8 7. Nc2 Be7 8. Bd3 Nbd7 9. Bf4 0-0 10. Ne5 Nd5 11. Bg3 Qb6 12. Rb1 cxd4 13. Nc4 Qd8 14. Nxd4 Nc5 15. Bc2 Bd7 16. 0-0 g6 17. Re1 Be8 18. Qf3 Rc8 19. Rbd1 b5 20. Ne3 Nxe3 21. Qxe3 Qb6 22. Qh6 Bc6 23. Be5 f6 24. Bxg6 hxg6 25. Qxg6+ Kh8 26. Re3 1-0

[Event "Duesseldorf"]
[Site "Duesseldorf"]
[Date "1994.??.??"]
[Round "4"]
[White "Mueller, Matthias"]
[Black "Fehling, Michael"]
[Result "1-0"]
[WhiteElo "2320"]
[BlackElo "2260"]
[PlyCount "53"]
[EventDate "1994.??.??"]
[EventType "tourn"]
[EventRounds "9"]
[EventCountry "GER"]
[EventCategory "3"]
[SourceTitle "EXT 1997"]
[Source "ChessBase"]
[SourceDate "1996.11.15"]
[SourceVersion "1"]
[SourceVersionDate "1996.11.15"]
[SourceQuality "1"]

1. e4 c5 2. Nc3 Nc6 3. g3 g6 4. Bg2 Bg7 5. d3 d6 6. Be3 e5 7. Nd5 Be6 8. Ne2 Nge7 9. c3 0-0 10. 0-0 f5 11. Qd2 Qd7 12. b4 cxb4 13. cxb4 Rac8 14. Rac1 Bf7 15. b5 Bxd5 16. exd5 Nd4 17. Bxd4 exd4 18. Qb4 Rxc1 19. Rxc1 Rc8 20. Rxc8+ Nxc8 21. Nf4 Qc7 22. Ne6 Qc1+ 23. Bf1 Qc3 24. Qa4 b6 25. Qa6 Bf6 26. Qb7 h5 27. Qd7 1-0

[Event "Duesseldorf"]
[Site "Duesseldorf"]
[Date "1992.07.30"]
[Round "6"]
[White "Zimmermann, Rolf"]
[Black "Fehling, Michael"]
[Result "1/2-1/2"]
[WhiteElo "2200"]
[BlackElo "2250"]
[PlyCount "86"]
[EventDate "1992.07.25"]
[EventType "tourn"]
[EventRounds "9"]
[EventCountry "GER"]
[EventCategory "1"]
[SourceTitle "EXT 2005"]
[Source "ChessBase"]
[SourceDate "2004.11.15"]
[SourceVersion "1"]
[SourceVersionDate "2004.11.15"]
[SourceQuality "1"]

1. d4 Nf6 2. c4 g6 3. Nc3 Bg7 4. e4 d6 5. f4 0-0 6. Nf3 c5 7. d5 e6 8. dxe6 fxe6 9. Bd3 Nc6 10. 0-0 b6 11. h3 Bb7 12. g4 Nd4 13. Be3 d5 14. e5 Nxf3+ 15. Qxf3 Nd7 16. Qg2 g5 17. cxd5 exd5 18. e6 gxf4 19. Nxd5 Ne5 20. Be4 fxe3 21. e7 Rxf1+ 22. Rxf1 Qd6 23. Nxe3 Bxe4 24. Qxe4 Re8 25. Nf5 Qc6 26. Nxg7 Qxe4 27. Nxe8 Nf3+ 28. Rxf3 Qxe7 29. Nf6+ Kg7 30. Kg2 h6 31. a3 b5 32. h4 a5 33. Nh5+ Kh8 34. Rf6 Qe2+ 35. Kg3 Qe5+ 36. Kf3 Qxb2 37. Rxh6+ Kg8 38. Nf6+ Kf7 39. g5 Qxa3+ 40. Kg4 Qa4+ 41. Kf5 Qc2+ 42. Ne4 b4 43. Rf6+ Kg8 1/2-1/2

[Event "BL2-Sued-West 8990"]
[Site "Germany"]
[Date "1990.??.??"]
[Round "?.7"]
[White "Fehling, Michael"]
[Black "Fischer, Johannes"]
[Result "0-1"]
[WhiteElo "2275"]
[BlackElo "2300"]
[PlyCount "104"]
[EventDate "1989.10.??"]
[EventType "team-tourn"]
[EventRounds "9"]
[EventCountry "GER"]
[SourceTitle "GER-chT2"]
[Source "ChessBase"]
[SourceDate "1999.07.01"]
[SourceVersion "1"]
[SourceVersionDate "1999.07.01"]
[SourceQuality "1"]
[WhiteTeam "Zaehringen"]
[BlackTeam "Frankfurt"]
[WhiteTeamCountry "GER"]
[BlackTeamCountry "GER"]

1. e4 e6 2. d3 d5 3. Nd2 c5 4. Ngf3 Nc6 5. g3 Bd6 6. Bg2 Nge7 7. 0-0 0-0 8. Re1 Qc7 9. c3 d4 10. Nc4 e5 11. cxd4 cxd4 12. Bd2 Bd7 13. Rc1 b5 14. Nxd6 Qxd6 15. Qc2 Rac8 16. Qb1 b4 17. Nh4 a5 18. f4 f6 19. f5 g5 20. fxg6 hxg6 21. Nf3 Na7 22. Rxc8 Rxc8 23. Rc1 Nb5 24. Rxc8+ Bxc8 25. Qc2 Qb6 26. Bc1 Be6 27. b3 Qc6 28. Qb2 Qc3 29. Bf1 Qxb2 30. Bxb2 Nc3 31. Nd2 Nxa2 32. Nc4 Nc6 33. Kf2 Nc3 34. Kf3 a4 35. bxa4 Nxa4 36. Bc1 Nc3 37. Nb2 Bb3 38. Be2 Bc2 39. Kf2 Na5 40. Ke1 Nb3 41. Bd2 Nc5 42. g4 b3 43. Bc1 N5a4 44. Kd2 Nc5 45. h4 Kg7 46. Bf1 Ne6 47. Be2 Nf4 48. Bf1 Na2 49. g5 f5 50. exf5 gxf5 51. h5 e4 52. h6+ Kh7 0-1